000 00334nam a2200145Ia 4500
008 150201s2001 xx 000 0 und d
082 _a617.6
_bT2001R
100 _aRANI, M.S.
245 _aTEXTBOOK OF ORTHODONTICS
250 _a3RD
260 _bAITBS
_aDELHI
_c2001
300 _a1-315
650 _aORTHODONTICS
942 _2ddc
_cBK
999 _c3215
_d3215